000 00562nam a2200229Ia 4500
003 OSt
005 20220924144307.0
006 a|||||r|||| 00| 0
007 ta
008 220923b |||||||| |||| 00| 0 urd d
024 _a313356
037 _cTextual
040 _aARTS
_cARTS
_burd
041 _2urd
_aurd
082 _aO168,1MJA,1, F7
100 _aJangbahadur
_9217393
245 0 _aJaan-e-Sukhan
260 _c1927
650 _aURDU POETRY
942 _hO168,1MJA,1, F7
_cTEXL
_2CC
999 _c456644
_d456644